Klicke die Städte der USA auf einer Karte - Extrem - Statistiken

Allgemein
  • Dieses Quiz wurde 35 mal gespielt
  • Das Durchschnittsergebnis liegt bei 42 aus 100
Antworten auf der Karte
Die Antworten werden auf der Karte rot bzw. grün angezeigt, abhängig davon wie oft sie richtig erraten wurden.
 
Antwortstatistiken
Antwort % Korrekt
San Francisco
89%
Honolulu
86%
Los Angeles
86%
Miami
86%
Las Vegas
79%
New Orleans
79%
Seattle
79%
Anchorage
75%
Chicago
75%
Oklahoma City
75%
Boston
71%
New York
71%
Orlando
71%
San Diego
71%
Atlanta
68%
El Paso
68%
Nashville
68%
Salt Lake City
68%
Tampa
64%
Albuquerque
61%
Minneapolis
61%
Colorado Springs
57%
Houston
57%
Indianapolis
57%
Kansas City
57%
Portland
57%
Dallas
54%
Jacksonville
54%
Philadelphia
54%
Phoenix
54%
Sacramento
54%
San Antonio
54%
Baltimore
50%
Detroit
50%
Idaho Falls
50%
Juneau
50%
Milwaukee
50%
Reno
50%
St. Louis
50%
Washington DC
50%
Austin
46%
Bismarck
46%
Boise
46%
Columbus
46%
Fairbanks
46%
Memphis
46%
Tallahassee
46%
Omaha
43%
Corpus Christi
39%
Denver
39%
Providence
39%
Richmond
39%
Cleveland
36%
Des Moines
36%
Fresno
36%
Little Rock
36%
Pittsburgh
36%
Raleigh
36%
Albany
32%
Amarillo
32%
Bakersfield
32%
Birmingham
32%
Buffalo
32%
Charleston
32%
Jackson
32%
Louisville
32%
Norfolk
32%
Cincinnati
29%
Eugene
29%
Charlotte
25%
Cheyenne
25%
Mobile
25%
Montgomery
25%
Sioux Falls
25%
Spokane
25%
Tulsa
25%
Wichita
25%
Bangor
21%
Casper
21%
Lubbock
21%
Rapid City
21%
Rochester
21%
Savannah
21%
Tucson
21%
Billings
18%
Eureka
18%
Fargo
18%
Flagstaff
18%
Grand Rapids
18%
Knoxville
18%
Lexington
18%
Madison
18%
Missoula
18%
Burlington
14%
Duluth
14%
Scranton
14%
Shreveport
14%
Toledo
14%
Huntington
11%
Peoria
7%
Keine übereinstimmenden Quizze gefunden
Verteilung der Resultate
Anzahl Personen mit jedem Resultat
Perzentil nach korrekt beantworteten Fragen
Ihre Resultats-Entwicklung
Sie haben dieses Quiz noch nicht gespielt